00896nam a2200205 a 4500001001000000003000500010005001700015008004100032010001100073011001100084040000900095100003500104245020000139260004100339500006000380502010900440650004200549650002900591856007000620000115248CHAP20220329144525.0190121s2018 mx sm |||||||spa d a111709 a112681 cCHAP1 aCortes Santos, Marlen Alondra.10aRuptura de letargo en semillas de Euphorbia heterophylla L. con presencia y ausencia de luz a diferentes temperaturas bajo condiciones controladash[En línea]cpor Marlen Alondra Cortes Santos. aChapingo, Méx. :bEl autor,c2018. aPara ver el contenido del material haga clic en la liga aTesis (Ing. Agr. Esp. en Parasitología Agrícola) -- UACH. Departamento de Parasitología Agrícola14aEuphorbia heterophyllaxGerminación14aLuzxEfecto en semillas. aFinding aiduhttp://10.13.5.2/tesis/sist115248.pdfzTeclea aquí